全国高校駅伝男子に10回以上出場したことのある高校 - Statistics

General Stats
  • This quiz has been taken 96 times
  • The average score is 21 of 109
Answer Stats
優勝回数 出場回数 都道府県 最高順位 最終出場 高等学校名 % Correct
11 54 広島県 優勝(2021) 2024 世羅
82%
8 35 宮城県 優勝(1994) 2024 仙台育英
68%
4 24 長野県 優勝(2024) 2024 佐久長聖
64%
1 51 鹿児島県 優勝(2010) 2020 鹿児島実
61%
1 44 埼玉県 優勝(1987) 2024 埼玉栄
61%
3 47 岡山県 優勝(2002) 2024 倉敷(~1982:岡山日大)
61%
7 60 宮崎県 優勝(1978) 2024 小林
50%
30 青森県 3(2009) 2024 青森山田
49%
5 45 福岡県 優勝(2000) 2023 大牟田
46%
31 京都府 2(1988) 2024 洛南
46%
43 熊本県 2(2015) 2024 九州学院
45%
1 24 山梨県 優勝(2013) 2024 山梨学院(~2015:山梨学院大附)
45%
8 34 兵庫県 優勝(2002) 2024 西脇工
43%
17 千葉県 2(1982) 2024 八千代松陰
39%
49 佐賀県 2(1981) 2024 鳥栖工
38%
2 42 岐阜県 優勝(1980) 2024 中京(1967~2000:中京商、2001~2016:中京、2017~2019:中京院中京)
37%
37 山口県 8(1989) 2024 西京
32%
1 11 愛知県 優勝(2012) 2024 豊川
32%
27 宮城県 8(1979) 2015 東北
30%
6 19 兵庫県 優勝(1996) 2005 報徳学園
30%
1 19 千葉県 優勝(1986) 2017 市立船橋
30%
16 長崎県 6(2001) 2014 諫早
30%
19 高知県 27(1999) 2024 高知工
29%
33 岩手県 5(2017) 2024 一関学院(~2000:一関商工)
29%
48 高知県 4(1970) 2024 高知農
28%
29 秋田県 4(2014) 2023 秋田工
28%
23 大分県 4(2016) 2024 大分東明
28%
3 39 愛知県 優勝(1967) 2004 中京大中京(〜1966:中京商、1967〜1994:中京)
28%
32 奈良県 13(2000) 2016 智辯学園
26%
18 茨城県 10(2017) 2024 水城
26%
10 神奈川県 3(1960) 1969 横浜
25%
17 香川県 7(1963) 1999 高松商
24%
16 北海道 7(2017) 2024 札幌山の手
24%
15 滋賀県 12(2020) 2022 滋賀学園
24%
33 群馬県 3(2004) 2024 東農大二
22%
24 富山県 18(2015) 2023 富山商
22%
32 徳島県 6(1999) 2024 つるぎ(〜2013:美馬商・統合)
22%
25 東京都 6(1987) 2023 國學院久我山
21%
12 三重県 3(2013) 2023 伊賀白鳳
21%
11 福井県 17(2008) 2023 鯖江
21%
36 大阪府 4(1981) 2022 清風
20%
16 熊本県 3(1972) 2022 熊本工
20%
17 長崎県 11(1982) 2024 鎮西学院
18%
15 沖縄県 27(2021) 2024 北山
18%
31 福井県 18(1997) 2024 美方
17%
17 石川県 17(2018) 2024 遊学館
17%
10 愛知県 3(1984) 1997 愛工大名電(~1982:名古屋電気)
17%
10 北海道 21(2018) 2019 北海道栄(~1999:北海道日大)
17%
15 愛知県 2(2004) 2013 豊川工(2021~:豊川工科)
17%
28 島根県 12(2003) 2019 出雲工
16%
24 和歌山県 18(2012) 2024 和歌山北
16%
18 新潟県 17(2021) 2024 中越
16%
14 愛媛県 18(2018) 2024 松山商
16%
11 石川県 22(1993) 2008 星稜
16%
15 鹿児島県 7(1989) 1997 樟南(~1959:鹿児島鉄道、1960~1963:鹿児島商工)
16%
18 三重県 15(2019) 2020 四日市工
14%
17 静岡県 2(1993) 2020 浜松商
14%
10 静岡県 6(2017) 2024 浜松日体
14%
22 福島県 2(1995) 2019 田村
13%
19 栃木県 10(2005) 2022 佐野日大
13%
3 16 福岡県 優勝(1969) 1989 福岡大大濠
13%
10 沖縄県 34(1988) 1997 沖縄尚学
13%
34 鳥取県 2(1992) 2020 鳥取中央育英(~2002:由良育英・統合)
13%
23 富山県 29(1995) 2024 高岡向陵
12%
13 栃木県 7(2007) 2023 那須拓陽(~1988:那須農)
12%
35 神奈川県 3(1986) 2019 藤沢翔陵(~1997:藤沢商)
12%
31 香川県 9(1980) 2015 尽誠学園
11%
19 愛媛県 16(1991) 2023 今治北
11%
15 滋賀県 17(1962) 1975 伊香
11%
22 三重県 4(1991) 2010 上野工
9%
21 山形県 21(2010) 2023 東海大山形
9%
14 佐賀県 2(2002) 2009 白石
9%
13 秋田県 2(1950) 2024 金足農
9%
10 千葉県 6(1974) 1984 習志野
9%
10 滋賀県 20(1993) 2024 比叡山
9%
32 大分県 5(1982) 2015 鶴崎工(~1960:鶴崎・分離)
9%
11 京都府 3(1990) 2000 立命館宇治(~1993:宇治)
9%
19 長野県 9(1990) 1995 上伊那農
8%
13 新潟県 15(1987) 2022 十日町
8%
19 茨城県 6(1976) 1996 水戸工
7%
11 茨城県 10(1991) 2007 土浦日大
7%
13 岡山県 5(1970) 2009 興譲館
5%
14 福島県 11(1984) 1992 日大東北(~1977:日大東北工)
5%
19 和歌山県 11(1983) 2000 和歌山工
4%
10 埼玉県 5(1955) 1963 大宮工
4%
13 秋田県 2(1983) 1987 秋田中央(~1981:秋田市立)
4%
19 山梨県 18(1956) 2009 農林
3%
17 山口県 3(1978) 1989
3%
13 滋賀県 9(1995) 2001 水口東
3%
10 静岡県 16(2000) 2022 藤枝明誠
3%
17 奈良県 10(1957) 1973 御所工(~1957:御所実、2007~:御所実・統合)
3%
18 北海道 15(1992) 2012 大谷室蘭(~2011:室蘭大谷)
3%
18 徳島県 5(1995) 2019 徳島科学技術(〜2018:徳島東工・統合)
3%
30 長崎県 2(1973) 1994 西海学園
1%
15 東京都 4(1965) 1993 保善
1%
10 栃木県 9(1950) 1983 宇都宮農(1991~:宇都宮白楊)
1%
11 埼玉県 3(1971) 1975 秩父農工(2005~:秩父農工科学)
1%
12 京都府 12(1967) 1974 京都商(2010~:京都先端科学大附)
1%
11 石川県 25(2002) 2005 尾山台(2018~:金沢龍谷)
1%
16 青森県 10(1977) 1994 名久井農
0%
15 静岡県 3(1963) 1982 磐田農
0%
14 群馬県 7(1992) 1992 桐生工
0%
1 13 兵庫県 優勝(1955) 1975 飾磨工
0%
11 新潟県 19(1951) 1980 柏崎工
0%
10 島根県 25(1980) 1987 横田
0%
10 青森県 16(1950) 1980 弘前実(~1959:弘前商)
0%
11 山梨県 14(1973) 1984 大月短大附(2014~:閉校)
0%
16 群馬県 8(1980) 2009 中之条(2018~:吾妻中央・統合)
0%
21 山形県 15(1983) 1998 米沢工(2025~:米沢鶴城・統合)
0%
No matching quizzes found
Score Distribution
Percent of People with Each Score
Percentile by Number Answered
Your Score History
You have not taken this quiz